Basic synchros and servomechanisms in Two parts / (Record no. 183953)
[ view plain ]
| 000 -LEADER | |
|---|---|
| fixed length control field | 00566 a2200193 4500 |
| 003 - CONTROL NUMBER IDENTIFIER | |
| control field | Nust |
| 005 - DATE AND TIME OF LATEST TRANSACTION | |
| control field | 20230504123513.0 |
| 010 ## - LIBRARY OF CONGRESS CONTROL NUMBER | |
| LC control number | 55011758 |
| 040 ## - CATALOGING SOURCE | |
| Transcribing agency | Nust |
| 082 ## - DEWEY DECIMAL CLASSIFICATION NUMBER | |
| Classification number | 629.8323,VAL |
| 100 ## - MAIN ENTRY--PERSONAL NAME | |
| Personal name | Van Valkenburgh, |
| 9 (RLIN) | 112099 |
| 245 ## - TITLE STATEMENT | |
| Title | Basic synchros and servomechanisms in Two parts / |
| Statement of responsibility, etc. | Van Valkenburgh, Nooger & Neville |
| 250 ## - EDITION STATEMENT | |
| Edition statement | Part.1 & Part.2 |
| 260 ## - PUBLICATION, DISTRIBUTION, ETC. | |
| Place of publication, distribution, etc. | J.F.Rider Publisher |
| Name of publisher, distributor, etc. | New York, |
| Date of publication, distribution, etc. | 1955 |
| 300 ## - PHYSICAL DESCRIPTION | |
| Extent | 111 p |
| Other physical details | illus |
| Accompanying material | 24 cm |
| 600 ## - SUBJECT ADDED ENTRY--PERSONAL NAME | |
| Personal name | Van Valkenburgh, |
| 9 (RLIN) | 112099 |
| 650 ## - SUBJECT ADDED ENTRY--TOPICAL TERM | |
| Topical term or geographic name entry element | Basic synchros and servomechanisms |
| 9 (RLIN) | 112100 |
| 942 ## - ADDED ENTRY ELEMENTS (KOHA) | |
| Source of classification or shelving scheme | |
| Koha item type | Book |
| Withdrawn status | Lost status | Source of classification or shelving scheme | Damaged status | Not for loan | Permanent Location | Current Location | Shelving location | Date acquired | Full call number | Barcode | Date last seen | Price effective from | Koha item type | Public note |
|---|---|---|---|---|---|---|---|---|---|---|---|---|---|---|
| Military College of Signals (MCS) | Military College of Signals (MCS) | General Stacks | 12/12/2016 | 629.8323,VAL | MCS6160 | 12/08/2016 | 12/12/2016 | Book | Almirah No.74, Shelf No.8 | |||||
| Military College of Signals (MCS) | Military College of Signals (MCS) | General Stacks | 12/12/2016 | 629.8323,VAL | MCS6177 | 12/08/2016 | 12/12/2016 | Book | Almirah No.74, Shelf No.8 | |||||
| Military College of Signals (MCS) | Military College of Signals (MCS) | General Stacks | 12/12/2016 | 629.8323,VAL | MCS6182 | 12/08/2016 | 12/12/2016 | Book | Almirah No.74, Shelf No.8 |
